000 00502nam a2200157 i 4500
001 102507
003 ES-MaACL
007 t|
008 051111s1912 fr ||||1| fre d
100 1 _aMerignhac, Alexandre.
_9214146
245 1 0 _aPrécis de législation et d'économie coloniales /
_cAlexandre Mérignhac.
260 _aParis :
_bLibrairie de la Société du Recueil Gal. des Lois et des Arrèts,
_c1912.
300 _aXII, 1092 p. ;
_c24 cm.
852 _aES-MaACL
_jG-4966
999 _c102507
_d102507